1975-1979 Pop Songs by Artist and Lyric - Statistics

General Stats
  • This quiz has been taken 692 times
    530 since last reset
  • The average score is 9 of 16
Answer Stats
Lyric Artist Song Title % Correct
You can dance / You can jive / Having the time of your life ABBA Dancing Queen
98%
Buddy you're a boy make a big noise playin' in the street gonna be a big man some day Queen We Will Rock You
93%
On a dark desert highway, cool wind in my hair / Warm smell of colitas, rising up through the air Eagles Hotel California
88%
Well, you can tell by the way I use my walk / I'm a woman's man / No time to talk Bee Gees Stayin' Alive
86%
Goodbye, everybody, I've got to go / Gotta leave you all behind and face the truth Queen Bohemian Rhapsody
83%
Once I had a love and it was divine / Soon found out I was losing my mind Blondie Heart of Glass
67%
And Harry doesn't mind if he doesn't make the scene / He's got a daytime job / He's doing alright Dire Straits Sultans of Swing
60%
Loving you / Isn't the right thing to do / How can I ever change things that I feel? Fleetwood Mac Go Your Own Way
57%
You used to think that it was so easy / You used to say that it was so easy / But you're trying, you're trying now Gerry Rafferty Baker Street
53%
Someone left the cake out in the rain / I don't think that I can take it / 'Cause it took so long to bake it Donna Summer MacArthur Park
41%
Walking through an empty house / Tears in my eyes / Here is where the story ends / This is goodbye ABBA Knowing Me, Knowing You
33%
Take a little trip / Take a little trip / Take a little trip with me War Low Rider
31%
I decided long ago, never to walk in anyone's shadows / If I fail, if I succeed / At least I live as I believe George Benson The Greatest Love of All
31%
How could we end it all this way? / When tomorrow comes and we'll both regret / The things we said today Chicago If You Leave Me Now
29%
I cried a tear / You wiped it dry / I was confused / You cleared my mind Anne Murray You Needed Me
27%
Fly me high through the starry skies / Maybe to an astral plane Gary Wright Dream Weaver
26%
No matching quizzes found
Score Distribution
Percent of People with Each Score
Percentile by Number Answered
Your Score History
You have not taken this quiz since the last reset